Sri Aurobindo and the freedom of India : (Record no. 78074)

MARC details
000 -LEADER
fixed length control field 00820nam a22002297a 4500
005 - DATE AND TIME OF LATEST TRANSACTION
control field 20130913143756.0
010 ## - LCCN (DPL NO)
LC control number ENG-108149
020 ## - INTERNATIONAL STANDARD BOOK NUMBER
International Standard Book Number 9798170580255
Terms of availability 200.00
035 ## - SYSTEM CONTROL NUMBER
System control number EN-91682
037 ## - SOURCE OF ACQUISITION
Source of stock number/acquisition DBAD/PUB
082 ## - DEWEY DECIMAL CLASSIFICATION NUMBER
Classification number 181.499
245 ## - TITLE STATEMENT
Title Sri Aurobindo and the freedom of India :
Statement of responsibility, etc edited by Chanda Poddar, Mona Sarkar [and] Bob Zwicker
Remainder of title selection from the works of Sri Auorbindo with supplymentary notes and texts /
250 ## - EDITION STATEMENT
Edition statement 2nd ed
260 ## - PUBLICATION, DISTRIBUTION, ETC. (IMPRINT)
Place of publication, distribution, etc Pondicherry
Name of publisher, distributor, etc Sri Aurobindo Ashram
Date of publication, distribution, etc 2012
270 ## - ADDRESS
City Pondicherry
Postal code 605002
Address Sri Aurobindo Ashram Publication Department
300 ## - PHYSICAL DESCRIPTION
Extent xix,280p. :
Dimensions 20cm(pbk)
Other physical details ill.
500 ## - GENERAL NOTE
General note Includes bibliographical references
700 ## - ADDED ENTRY--PERSONAL NAME
Personal name Poddar, Chanda
700 ## - ADDED ENTRY--PERSONAL NAME
Personal name Mona Sarkar
700 ## - ADDED ENTRY--PERSONAL NAME
Personal name Zwicker, Bob
942 ## - ADDED ENTRY ELEMENTS (KOHA)
Source of classification or shelving scheme Dewey Decimal Classification
Item type English Books
Call number suffix AUR
Classification part 181.499
Holdings
Withdrawn status Lost status Not for loan Collection code Home library Current library Date acquired Source of acquisition Cost, normal purchase price Full call number Barcode Copy number Cost, replacement price Koha item type
    Not For Loan Non-fiction D.B.Act.Division D.B.Act.Division 26/07/2013 DBAD/PUB 200.00 181.499 AUR EN-91682 1 200.00 English Books

© Delhi Public Library
Hit Counter
free hit counter